• 首页
  • 本馆介绍
  • 公告通知
  • 最新文献
  • 馆藏检索
  • 电子资源
  • 读者导购
  • 参考咨询
  • 我的图书馆
  • 登录
  • 详细信息显示
  • 放入我的书架
  • 预约/预借图书
  • 作者相关作品
  • 分类相关作品
  • 丛书相关作品
  • 出版社相关作品

书目信息

  • 表格格式
  • 工作单格式
  • 卡片格式
题名:
群体细胞遗传学
    
 
作者: 约翰 , John 著 ;申立 , 陈伟程 , 季良越 译
分册:  
出版信息: 北京   科学出版社  1987
页数: 98页
开本: 19cm
丛书名:
单 册:
中图分类: Q347 , Q3
科图分类:
主题词: 群体遗传学-细胞遗传学 , 细胞遗传学-群体遗传学
电子资源:
ISBN:
000 00951nam0 2200337 45
001 0187010472
005 20040524165343.2
010    @dCNY0.80
091    @a13031.3434
100    @a19900912d1987 em y0chiy0121 ea
101 1  @achi@ceng
102    @aCN@b110000
105    @ay z 000yy
106    @ar
200 10 @a群体细胞遗传学@Aqun ti xi bao yi chuan xue@f(澳)约翰(John,B.)著@g申立等译
210    @a北京@c科学出版社@d1987
215    @a98页@d19cm
300    @a书名原文: Population cytogenetics.
510 1  @aPopulation cytogenetics@zeng
606    @a群体遗传学-细胞遗传学
606    @a细胞遗传学-群体遗传学
690    @aQ347@v3
690    @aQ3
701  1 @a约翰@Ayue han@bB.@4著
701 A1 @aJohn@bB.@4著
702  0 @a申立@Ashen li@4译
702  0 @a陈伟程@Achen wei cheng@4译
702  0 @a季良越@Aji liang yue@4译
801  0 @aCN@b深圳图书馆@c20040524
801  2 @aCN@bNLC@c20040524
905    @f2@b203088-089@dQ3@e24
    
    群体细胞遗传学/(澳)约翰(John,B.)著/申立等译.-北京:科学出版社,1987
    98页;19cm
    书名原文: Population cytogenetics.
    
    ISBN :CNY0.80
    
●
相关链接 在E读中查询图书 在五车中查询图书 在当当中查询图书 在豆瓣中查询图书


正题名:群体细胞遗传学     索取号:Q3/24         预约/预借

序号 登录号 条形码 馆藏地/架位号 状态 备注
1 0203088   000076884   密集书库/ [索取号:Q3/24] 在馆    
2 0203089   000076893   第三借阅区/ [索取号:Q3/24] 在馆    
3 0203090   000076875   第二样本阅览室/ [索取号:Q3/24] 在馆    
唐山师范学院图书馆 欢迎您!
大连网信软件有限公司© 版权所有